Inmigración en Argentina por país - Estadísticas

Estadísticas generales
  • Esta prueba ha sido intentada 5.256 veces
  • La puntuación promedio es 14 de 16
Estadísticas de respuestas
Cifra País % Correcto
99.769 España
98%
49.647 Brasil
97%
216.855 Chile
97%
135.076 Uruguay
96%
426.394 Bolivia
95%
690.948 Paraguay
95%
8.791 Colombia
94%
198.744 Perú
94%
91.315 Venezuela
94%
155.008 Italia
93%
5.225 Estados Unidos
87%
8.303 Francia
85%
9.404 Alemania
84%
14.649 China
76%
7.443 Polonia
48%
8.296 Corea del Sur
38%
No se encontraron pruebas coincidentes
Distribución de puntuación
Porcentaje de gente con cada puntuación
Porcentaje por número respondido
Historial de tus puntuaciones
No has intentado esta prueba.